Obálka
Pro půjčování e-knih musíte být přihlášeni.
Jak si půjčit online?

Pohádky /

Pohádky staršího data i pohádky novější, známé i méně známé, pohádky vyprávěné i dramatizované, pohádky poučné, výchovné, pohádky pro radost. Nikdy jich není dost!

Uloženo v:
Hlavní autor: Barchánek, Josef (Autor)
Další autoři: Kepka, Jaroslav (Autor), Fišer, Stanislav (Vypravěč-komentátor), Mrkvička, Ladislav (Vypravěč-komentátor), Konvalinková, Naďa (Vypravěč-komentátor), Zíma, Josef (Vypravěč-komentátor), Jedlička, Antonín (Vypravěč-komentátor)
Médium: E-audiokniha
Vydáno: Praha : Supraphon a.s., 2017
Tagy:
Žádné tagy
LEADER 01582nim a22003497i 4500
001 313267
007 sr nunnnnnnned
024 |a 099925287726 
044 |a xr 
100 1 |a  Barchánek, Josef  |4 aut 
245 1 0 |a Pohádky /  |c  Barchánek, Josef 
264 1 |a Praha :  |b Supraphon a.s.,  |c 2017 
300 |a 1 online zdroj (1 hod., 14 min., 50 sek.) 
336 |a mluvené slovo  |b spw  |2 rdacontent 
337 |a audio  |b s  |2 rdamedia 
338 |a online zdroj  |b cr  |2 rdacarrier 
505 0 0 |t Mánièka zlobí (3 min., 18 sek.) 
505 0 0 |t O zajíčkovi, který neuměl počítat (15 min., 38 sek.) 
505 0 0 |t Podivuhodný příběh (12 min., 31 sek.) 
505 0 0 |t Jak Krušina s Kolmanovou přelstili poškolníky (29 min., 15 sek.) 
505 0 0 |t Princezna se zlatou hvìzdou (14 min., 11 sek.) 
520 2 |a Pohádky staršího data i pohádky novější, známé i méně známé, pohádky vyprávěné i dramatizované, pohádky poučné, výchovné, pohádky pro radost. Nikdy jich není dost! 
700 1 |a  Kepka, Jaroslav  |4 nrt 
700 1 |a  Fišer, Stanislav  |4 nrt 
700 1 |a  Mrkvička, Ladislav  |4 nrt 
700 1 |a  Konvalinková, Naďa  |4 nrt 
700 1 |a  Zíma, Josef  |4 nrt 
700 1 |a  Jedlička, Antonín  |4 nrt 
910 |a RBIT002 
998 |d 401698  |a https://core.palmknihy.cz/api/books/401698/cover?sbrzg9  |b https://core.palmknihy.cz/api/books/401698/cover/400?sbrzg9  |c https://core.palmknihy.cz/api/books/401698/cover/50?sbrzg9  |e 2099-01-01  |i 099925287726  |l 4490  |q 49  |r 1  |s https://www.palmknihy.cz/kniha/401698  |t audiobook  |y 2017  |z 1 
999 |d 313265